Optimización de los parámetros de alternadores automotrices para ser utilizados en centrales micro hidroeléctricas

Zapisane w:
Opis bibliograficzny
1. autor: Alfaro Alfaro, Yeison
Format: Książka
Wydane: [San José, Costa Rica] 2007
Hasła przedmiotowe:
Etykiety: Dodaj etykietę
Nie ma etykietki, Dołącz pierwszą etykiete!

MARC

LEADER 00000nam a2200000Ia 4500
001 009959
003 5488
005 20221231144107.0
008 140114s2007 cr a 000 ||s d
040 |c cru CEDI  
100 |a Alfaro Alfaro, Yeison   |9 4785 
245 |a Optimización de los parámetros de alternadores automotrices para ser utilizados en centrales micro hidroeléctricas 
260 |c 2007  |b [San José, Costa Rica] 
300 |a 70 hojas; ilustraciones 
500 |a Proyecto de graduación (bachillerato en ingeniería eléctrica)--Universidad de Costa Rica. Facultad de Ingeniería. Escuela de Ingeniería Eléctrica 
650 |x DINAMO  |x  TRANSMISION DE POTENCIA   |x  ELECTRICIDAD   |x  PLANTAS   |9 4786 
942 |c BK 
999 |c 16786  |d 16786